<?xml version="1.0" encoding="UTF-8"?>
<collection xmlns="http://www.loc.gov/MARC21/slim">
 <record>
  <leader>03075naa a2200289 a 4500</leader>
  <controlfield tag="001">1/42801</controlfield>
  <controlfield tag="008">120717s2005    uk a     b    001 0 eng d</controlfield>
  <datafield tag="020" ind1=" " ind2=" ">
   <subfield code="a">9780750662598 (e-book : PDF)</subfield>
  </datafield>
  <datafield tag="035" ind1=" " ind2=" ">
   <subfield code="l">45677</subfield>
  </datafield>
  <datafield tag="040" ind1=" " ind2=" ">
   <subfield code="a">OPELS</subfield>
   <subfield code="c">OPELS</subfield>
   <subfield code="d">OPELS</subfield>
   <subfield code="d">BAKER</subfield>
   <subfield code="d">OCLCQ</subfield>
   <subfield code="d">GR-PeUP</subfield>
  </datafield>
  <datafield tag="041" ind1="0" ind2=" ">
   <subfield code="a">eng</subfield>
  </datafield>
  <datafield tag="100" ind1="1" ind2=" ">
   <subfield code="a">Skinner, Frank,</subfield>
   <subfield code="d">1957-</subfield>
  </datafield>
  <datafield tag="245" ind1="1" ind2="0">
   <subfield code="a">Pricing and hedging interest and credit risk sensitive instruments</subfield>
   <subfield code="h">[electronic resource] /</subfield>
   <subfield code="c">Frank Skinner.</subfield>
  </datafield>
  <datafield tag="260" ind1=" " ind2=" ">
   <subfield code="a">Oxford [England] ;</subfield>
   <subfield code="a">Burlington, MA :</subfield>
   <subfield code="b">Elsevier Academic Press,</subfield>
   <subfield code="c">2005.</subfield>
  </datafield>
  <datafield tag="300" ind1=" " ind2=" ">
   <subfield code="a">Ένα html e-book.</subfield>
  </datafield>
  <datafield tag="504" ind1=" " ind2=" ">
   <subfield code="a">Περιέχει βιβλιογραφία και ευρετήριο.</subfield>
  </datafield>
  <datafield tag="505" ind1="0" ind2=" ">
   <subfield code="a">An Introduction to Interest Rate and Credit Sensitive Instruments; The Sovereign Term Structure and the Risk Structure of Interest Rates; Measuring the Existing Sovereign Term Structure and the Risk Structure of Interest Rates; Modelling the Sovereign Term Structure of Interest Rates: The Binomial Approach; Interest Rate Modelling: The term structure consistent approach; Interest and Credit Risk Modelling; Hedging Sovereign Bonds: The Traditional Approach; Active and Passive Strategies; Alternative Hedge Ratios; Pricing and Hedging Non-Fixed Income Securities; Credit Derivatives; Embedded Options.</subfield>
  </datafield>
  <datafield tag="520" ind1=" " ind2=" ">
   <subfield code="a">This book is tightly focused on the pricing and hedging of fixed income securities and their derivatives. It is targeted at those who are interested in trading these instruments in an investment bank, but is also useful for those responsible for monitoring compliance of the traders such as regulators, back office staff, middle and senior lever managers. To broaden its appeal, this book lowers the barriers to learning by keeping math to a minimum and by illustrating concepts through detailed numerical examples using Excel workbooks/spreadsheets on a CD with the book. On the accompanying CD with the book, three interest rate models are illustrated: Ho and Lee, constant volatility and Black Derman and Toy, along with two evolutionary models, Vasicek and CIR and two credit risk models, Jarrow and Turnbull and Duffie and Singleton. These are implemented via spreadsheets on the CD. * Starts at an introductory level and then develops advanced topics * Provides plenty of numerical examples rather than mathematical equations to aid full understanding of the strengths and weaknesses of all interest rate derivative models * Can be used for self-study - a complete book on the topic, which includes examples with answers.</subfield>
  </datafield>
  <datafield tag="533" ind1=" " ind2=" ">
   <subfield code="a">Ηλεκτρονικό βιβλίο</subfield>
   <subfield code="n">Τρόπος πρόσβασης μέσω διαδικτύου.</subfield>
  </datafield>
  <datafield tag="650" ind1=" " ind2="4">
   <subfield code="a">Hedging (Finance).</subfield>
  </datafield>
  <datafield tag="650" ind1=" " ind2="4">
   <subfield code="a">Interest rates</subfield>
   <subfield code="x">Mathematical models.</subfield>
  </datafield>
  <datafield tag="650" ind1=" " ind2="4">
   <subfield code="a">Credit</subfield>
   <subfield code="x">Management</subfield>
   <subfield code="x">Mathematical models.</subfield>
  </datafield>
  <datafield tag="650" ind1=" " ind2="4">
   <subfield code="a">Risk management</subfield>
   <subfield code="x">Mathematical models.</subfield>
  </datafield>
  <datafield tag="655" ind1=" " ind2="4">
   <subfield code="a">Electronic books.</subfield>
  </datafield>
  <datafield tag="852" ind1=" " ind2=" ">
   <subfield code="a">INST</subfield>
   <subfield code="b">UNIPILB</subfield>
   <subfield code="c">EBOOKS</subfield>
   <subfield code="e">20120717</subfield>
   <subfield code="p">00b45677</subfield>
   <subfield code="q">00b45677</subfield>
   <subfield code="t">ONLINE</subfield>
   <subfield code="y">0</subfield>
  </datafield>
  <datafield tag="856" ind1="4" ind2="0">
   <subfield code="u">http://www.sciencedirect.com/science/book/9780750662598</subfield>
  </datafield>
  <datafield tag="856" ind1="4" ind2=" ">
   <subfield code="d">/webopac/covers/03/45677_9780750662598.jpg</subfield>
   <subfield code="z">(e-book : PDF)</subfield>
  </datafield>
 </record>
</collection>
